000 00724 a2200241 4500
003 CBULib
005 20231013092646.0
008 231013b |||||||| |||| 00| 0 eng d
020 _a9780199238514
040 _bEnglish
_cCBULib
_erda
041 _aeng
050 _aBC 171.P76 Pri
100 _aPriest, Graham
245 _aDoubt truth to a be a liar
_c/ by Graham Priest
260 _bOxford University Press,
_c2006
_a New york:
300 _axii,226 Pages: illustrations
336 _2rdacontent
_aText |
_btxt
337 _2rdamedia
_aUnmediated |
_bn
338 _2rdacarrier
_aVolume
_bnc
650 0 _2Library of congress
_9839
_aLOGIC
650 0 _2Library of congress
_9840
_aCONTRADICTION
942 _2lcc
_c002
999 _c83004
_d83004